Пограничные войска СССР в Великой Отечественной войне 1941 (Запис № 307323)

МАРК-запис
000 -Лідер
fixed length control field 00899nam a22002897a 4500
003 - Ідентифікатор контрольного номера
control field UA-OsUOA
001 - Контрольний номер
control field 21130
007 - Фіксоване поле фізичного опису
fixed length control field ta
008 - Елементи даних фіксованої довжини – загальна інформація
fixed length control field 20031119b un ||||| |||| 00| 0 ukr d
090 ## - Локальний шифр розміщення
Класифікаційний індекс УДК 94(4)"1939/1945"
Авторський знак (НП) П43
040 ## - Джерело каталогізації
Агенція оригінальної каталогізації UA-OsUOA
Мова каталогізації rus
Агенція, яка здійснювала перезапис UA-OsUOA
Агенція, яка здійснювала модифікацію UA-OsUOA
041 ## - Код мови
Код мови тексту/ звукової доріжки чи окремого заголовка (П) rus
080 ## - Індекс Універсальної десяткової класифікації
Індекс Універсальної десяткової класифікації (УДК) (НП) 94(4)"1939/1945"
044 ## - Код країни видавця/ виробника
Код країни видавця/ виробника (П) RU
100 ## - Основне введення – ім’я особи
Ім’я особи (НП) Соловьев Е.Д.
245 ## - Відомості про назву
Назва (НП) Пограничные войска СССР в Великой Отечественной войне 1941
Решта назви (НП) сборник документов и матириалов
260 ## - Публікація, розповсюдження і т.п. (Вихідні дані)
Місце публікації, розповсюдження і т.п. (П) Москва
Ім’я/ наймення видавництва, розповсюджувача і т.п. (П) Наука
Дата публікації, розповсюдження і т.п. (П) 1976
300 ## - Фізичний опис
Обсяг 944 с.
Інші фізичні характеристики (НП) Ілюстрації
650 #7 - Додаткове предметне введення – тематичний термін
Джерело заголовка чи терміна UDC
700 ## - Додаткове введення – ім'я особи
Ім’я особи (НП) Чугунов А.И.
700 ## - Додаткове введення – ім'я особи
Ім’я особи (НП) Москвитина Т.М.
700 ## - Додаткове введення – ім'я особи
Ім’я особи (НП) Сахарова Е.В.
700 ## - Додаткове введення – ім'я особи
Ім’я особи (НП) Червяков В.А.
942 ## - Додаткові елементи входу (Коха)
Тип елемента Koha Книги
955 ## - Код типу видання за змістом
Код типу видання за змістом (НП) Наукові видання
Фонди
Стан вилучень Стан втрат Джерело класифікації або схеми стелажів Стан уражень Не для кредиту Постійне місце розташування Поточне розміщення Дата придбання Інвентарний номер Усього замовленно Штрих-код Дата останнього перегляду Ціна ефективна від Тип елемента Koha
    Universal Decimal Classification     АБ - Абонемент НБ АБ - Абонемент НБ 27/09/2007 19958   19958 26/01/2022 19/11/2003 Книги
    Universal Decimal Classification     АБ - Абонемент НБ АБ - Абонемент НБ 19/11/2003 9604   9604 26/01/2022 19/11/2003 Книги